Normal view
MARC view
Entry Personal Name
001 - CONTROL NUMBER
- control field: 3420
003 - CONTROL NUMBER IDENTIFIER
- control field: ARRUPE
005 - DATE AND TIME OF LATEST TRANSACTION
- control field: 20131106164837.0
008 - FIXED-LENGTH DATA ELEMENTS
- fixed length control field: 131106|| aca||aabn | a|a d
040 ## - CATALOGING SOURCE
- Original cataloging agency: ARRUPE
- Transcribing agency: ARRUPE
100 ## - HEADING--PERSONAL NAME
- Personal name: Mwewa, Charles.
670 ## - SOURCE DATA FOUND
- Source citation: Work cat.: (ARRUPE)0: Mwewa, Charles., Zambia, struggles of my people & western contribution to corruption and underdevelopment in Africa /, 2011.